El plan de desarrollo en España, 1964-67 : (Record no. 17937)

MARC details
000 -LEADER
campo de control de longitud fija 00627nam a2200193 i 4500
001 - NÚMERO DE CONTROL
campo de control 17937
003 - IDENTIFICADOR DE NÚMERO DE CONTROL
campo de control ES-MaACL
005 - FECHA Y HORA DE LA ÚLTIMA TRANSACCIÓN
campo de control 20230906151724.0
007 - CAMPO FIJO DE DESCRIPCIÓN FÍSICA--INFORMACIÓN GENERAL
campo de control de longitud fija t|
008 - DATOS DE LONGITUD FIJA--INFORMACIÓN GENERAL
campo de control de longitud fija 010626s1965 sp ||||1| spa d
080 ## - NÚMERO DE LA CLASIFICACIÓN DECIMAL UNIVERSAL
Número de la Clasificación Decimal Universal 338.984.3(460)"1964/67"
100 1# - ENTRADA PRINCIPAL--NOMBRE DE PERSONA
Nombre de persona Prados Arrarte, Jesús.
9 (RLIN) 93635
245 13 - MENCIÓN DEL TÍTULO
Título El plan de desarrollo en España, 1964-67 :
Resto del título exposición y crítica /
Mención de responsabilidad, etc. Jesús Prados Arrarte.
260 ## - PUBLICACIÓN, DISTRIBUCIÓN, ETC.
Lugar de publicación, distribución, etc. Madrid :
Nombre del editor, distribuidor, etc. Tecnos,
Fecha de publicación, distribución, etc. [1965]
300 ## - DESCRIPCIÓN FÍSICA
Extensión 312 p. ;
Dimensiones 23 cm.
651 #4 - PUNTO DE ACCESO ADICIONAL DE MATERIA--NOMBRE GEOGRÁFICO
Nombre geográfico España-
Subdivisión general Política económica-
Subdivisión cronológica 1955-1975.
9 (RLIN) 8408
852 4# - LOCALIZACIÓN
Ubicación ES-MaACL
Número de control de estantería AND-60
Nota libre - Biblioteca Juan Andrade
852 4# - LOCALIZACIÓN
Ubicación ES-MaACL
Número de control de estantería F-2012
Holdings
Estatus retirado Estado de pérdida Estado de daño No para préstamo Biblioteca de origen Biblioteca actual Ubicación en estantería Fecha de adquisición Fuente de adquisición Total de préstamos Signatura topográfica completa Código de barras Visto por última vez Precio de reemplazo Tipo de ítem Koha
        Biblioteca del Ateneo de Madrid Biblioteca del Ateneo de Madrid Depósito 2 17/01/2008     F-2012 1018322 23/02/2023 23/02/2023 Libro impreso
        Biblioteca del Ateneo de Madrid Biblioteca del Ateneo de Madrid Depósito 2 17/01/2008     AND-60 1018321 23/02/2023 23/02/2023 Libro impreso